000 00649nam a2200265Ia 4500
003 OSt
005 20221006143256.0
006 a|||||r|||| 00| 0
007 ta
008 221006b |||||||| |||| 00| 0 eng d
020 _c67.75
024 _a8,528
037 _cTextual
040 _aEASL
_cEASL
_beng
041 _2eng
_aeng
082 _aX, L8
100 _aLipsey Richard G.
245 0 _aIntroduction to positive economics
250 _aEd 5
260 _aUnited
_bStates Harper & Row
_c1978
300 _a810p.
_ccm.
490 _v Oth
942 _hX, L8
_cTEXL
_2CC
999 _c1076614
_d1076614